who died in red light, green light squid game season 1 sudden death - Statistics

General Stats
  • This quiz has been taken 93 times
  • The average score is 6 of 26
Answers on the Grid
Answers color-coded by a green-red scale on the quiz's grid according to % correct below.
009
020
024
026
039
046
048
050
052
056
071
076
077
078
091
097
100
102
104
106
112
113
114
118
124
128
133
136
137
138
 
Answer Stats
Answer % Correct
020
50%
009
41%
071
35%
024
32%
100
32%
026
29%
077
29%
114
29%
124
29%
128
29%
050
26%
056
26%
118
26%
138
24%
078
21%
112
21%
136
21%
076
18%
133
18%
137
18%
052
15%
106
15%
113
15%
102
12%
046
9%
097
9%
No matching quizzes found
Score Distribution
Percent of People with Each Score
Percentile by Number Answered
Your Score History
You have not taken this quiz